000 00768nam a2200217 a 4500
008 951123s1985||||[C 0 slo c
020 _c15 Kčs.
_q(20000 výtl.)
040 _aSNK
_bslo
_cSNK
_eAACR2
041 1 _aslo
_hslo
044 _axo
_cSK
080 _a801.313.1
100 1 _aMajtán, Milan
_4aut
245 1 0 _aMeno pre naše dieťa
_cMilan Majtán, Matej Považaj ; Tibor Hrabovský
250 _a2., vyd.
260 _aBratislava
_bObzor
_c1985
_eKošice
_fVýchodoslovenské tlačiarne
300 _a200 s., 8,73 AH
_c19 cm
500 _aLit. 23. Ilustr. na front. a predsádke. Zozn. úrad. podôb rodných mien. 23 zázn. v slov., češ., ruš., nem. poľ. a maď.
700 1 _aPovažaj, Matej
_4aut
700 1 _aHrabovský, Tibor
_4bkd
958 _aA
999 _c12239
_d12239